| 000 | 00537nam a22001817a 4500 | ||
|---|---|---|---|
| 003 | CEME | ||
| 005 | 20210628204157.0 | ||
| 008 | 210105b xxu||||| |||| 00| 0 eng d | ||
| 020 | _a9788120334359 | ||
| 040 | _cceme | ||
| 082 | _a006.31 SOM | ||
| 100 |
_aSoman, K.P, Loganathan, R, Ajay, V _969123 |
||
| 245 | _aMachine learning with svm and other kernel methods | ||
| 260 |
_aNEW DELHI _bPRENTICE HALL OF INDIA _c2011 |
||
| 300 | _aXVIII, 477P | ||
| 650 |
_aMACHINE LEARNING-SVM AND OTHER KERNEL METHODS. _969124 |
||
| 942 |
_cBK _2ddc |
||
| 999 |
_c576525 _d576525 |
||